| 000 | 00478nam a22001817a 4500 | ||
|---|---|---|---|
| 003 | CEME | ||
| 005 | 20210628203018.0 | ||
| 008 | 210126b xxu||||| |||| 00| 0 eng d | ||
| 020 | _a0-141-01505-5 | ||
| 040 | _c. | ||
| 082 | _a327.7309 CHO | ||
| 100 |
_aChomsky, Noam _922959 |
||
| 245 | _aHegemony or survival america'a quest for global dominance | ||
| 260 |
_aUSA _bISLAMIC PUBLICATIONS _c2003 |
||
| 300 | _a278 P | ||
| 650 |
_aWAR ON TERRORISM _962850 |
||
| 942 |
_cBK _2ddc |
||
| 999 |
_c571820 _d571820 |
||